000 01085cpcaa2200289 a 4500
001 mm 79001685
003 DLC
005 20260227111637.0
008 791105|||||||||||| eng
010 _amm 79001685
040 _aDLC
_cDLC
_edacs
_dDLC
072 7 _aN
_2lcmd
100 1 _aScarlett, James,
_cSir,
_d1769-1844.
245 0 0 _aJudicial opinion of Sir James Scarlett,
_f1829 December 23.
300 _a1
_fitem.
506 0 _aOpen to research.
520 8 _aJudicial opinion on the wording of a declaration in the case of Greetham vs. Whitehead before the Court of King's Bench.
545 0 _aBritish jurist.
546 _aCollection material in English.
580 _aForms part of: Miscellaneous Manuscripts collection.
610 1 0 _aGreat Britain.
_bCourt of King's Bench.
650 0 _aCourts
_zGreat Britain.
650 0 _aLaw
_xLanguage
_zGreat Britain.
656 7 _aJurists.
_2itoamc
999 _c40857
_d40857